LEADER 01160nam a2200241 u 4500 001 000000000343 003 CaOOAMICUS 005 20070226104205.0 008 940804s1931 it a u000 u ita u 035 $a10006268 040 $aPUL$bita 100 1 $aDe Marchi, Attilio,$d1855-1915.$0(OLS)http://pul/name/336 245 12$aI Romani nelle istituzioni e nel costume, nell'arte e nel pensiero :$blibro per la scuola e per la cultura /$cdi Attilio De Marchi e di Aristide Calderini. 260 $aMilano [etc.] :$bF. Vallardi,$c1931. 300 $axii, 606 p. :$bill. ;$c23 cm 500 $aCollaboratore Aristede Calderini. 651 4$aRoma$xCiviltà.$0(OLS)http://pul/subject/351 700 1 $aCalderini, Aristide,$d1883-1968.$0(OLS)http://pul/name/337 850 $aPUL 852 $aPUL$W1$xDP1 Fondo Cecchetti$y53$m269 F 18$j349$nBK-PRI$b $qFondi$B349$CPULBib$Z2$F349 $HPUL2830 $81 941 1 $a1 996 $6245$aI Romani nelle istituzioni e nel costume, nell'arte e nel pensiero :$blibro per la scuola e per la cultura$9(OLS)http://pul/title/413 996 $6260$aMilano [etc.] :$bF. Vallardi$9(OLS)http://pul/publisher/48037 LEADER 01255nam a2200301 u 4500 001 000000071617 003 CaOOAMICUS 005 20070226122142.0 008 020531s1985 it u000 u ita u 020 $a8831148028 035 $a10931619 040 $aPUL(R)$bita 100 1 $aTheresia Margarita Redi,$cs.,$d1747-1770.$0(OLS)http://pul/name/47507 240 10$aGruppi, scelte$9(Theresia Margarita Redi, s., 1747-1770).$0(OLS)http://pul/title/94267 245 10$aTesti spirituali /$cTeresa Margherita Redi ; a cura del Carmelo di Arezzo. 260 $aRoma :$bCittà Nuova,$c1985. 300 $a139 p. ;$c18 cm 490 1 $aTesti di Spiritualità Carmelitana ;$v10 504 $aBibliografia in nota. 650 4$aSpiritualità.$0(OLS)http://pul/subject/843 830 0$aTesti di Spiritualità Carmelitana ;$v10.$0(OLS)http://pul/title/83132 850 $aPUL 852 $aPUL$W1$xDP1 Religione 1$y20$m549 M 16$j92660$nBK-PRI$b $qStampati$B92660$CPULBib$Z2$F92660 $H $81 941 1 $a8 961 $aINV: 57000 996 $6020$a8831148028$9(OLS)http://pul/number/92480 996 $6245$aTesti spirituali$9(OLS)http://pul/title/94268 996 $6260$aRoma :$bCittà Nuova$9(OLS)http://pul/publisher/47927